00237nam a2200097Ia 4500008004100000100002000041245003900061260002200100300000900122650000800131191201s2019 xx 000 0 und d aGUPTA, Shashi K 0aIntroduction to Financial Services aN. DelhibKalyani amisc aBBA